|
|
|
|
| LEADER |
01521nam a2200385 a 4500 |
| 001 |
000588325 |
| 003 |
CZ BrMZK |
| 005 |
20060209124650.0 |
| 007 |
ta |
| 008 |
020225s2001 xr c p cze d |
| 015 |
|
|
|a cnb001088875
|
| 020 |
|
|
|a 80-86490-14-9
|
| 020 |
|
|
|a 80-86287-41-6
|
| 035 |
|
|
|a (OCoLC)51189615
|
| 040 |
|
|
|a BOA001
|b cze
|
| 072 |
|
7 |
|a 811.162.3
|x Čeština
|2 Konspekt
|9 11
|
| 072 |
|
7 |
|a 37.016
|x Učební osnovy. Vyučovací předměty. Učebnice
|2 Konspekt
|9 22
|
| 080 |
|
|
|a 811.162.3
|2 MRF
|
| 080 |
|
|
|a (075.2)
|2 MRF
|
| 100 |
1 |
|
|a Müllerová, Olga,
|d 1942-
|7 jn20000620242
|4 aut
|
| 245 |
1 |
0 |
|a Český jazyk 9 :
|b procvičujeme, opakujeme /
|c Olga Müllerová, Jana Hoffmannová, Bohuslav Hoffmann ; [ilustroval Karel Benetka]
|
| 250 |
|
|
|a 1. vyd.
|
| 260 |
|
|
|a Praha :
|b SPL - Práce,
|c 2001
|
| 300 |
|
|
|a 132 s. :
|b barev. il. ;
|c 24 cm
|
| 490 |
1 |
|
|a Učebnice pro základní školy
|
| 650 |
0 |
7 |
|a čeština
|7 ph135292
|2 czenas
|
| 655 |
|
7 |
|a učebnice základních škol
|7 fd133773
|2 czenas
|
| 700 |
1 |
|
|a Hoffmannová, Jana,
|d 1950-
|7 jn20000620105
|4 aut
|
| 700 |
1 |
|
|a Hoffmann, Bohuslav,
|d 1940-
|7 jk01041503
|4 aut
|
| 700 |
1 |
|
|a Benetka, Karel,
|d 1938-
|7 jo2003170236
|4 ill
|
| 830 |
|
0 |
|a Učebnice pro základní školy
|
| 856 |
4 |
1 |
|u http://www.digitalniknihovna.cz/mzk/uuid/uuid:be764410-24d2-11e2-85be-005056827e51
|y Digitalizovaný dokument
|x NDK
|
| 910 |
|
|
|a BOA001
|b 2-1098.663
|
| 990 |
|
|
|a BK
|
| 996 |
6 |
|
|b 2610153991
|c 2-1098.663
|l MZK
|r Sklad / do 1 hodiny
|n 2
|p p.v.
|w 000588325
|u 000010
|a 1
|e BOA001
|j MZK50
|s P
|